000 00414nam a2200145Ia 4500
008 210210b1989 xxu||||| |||| 00| 0 eng d
082 _a351.3 PALG
100 _aPAL (Rajendra)
245 _aGeneral studies manual for UPSC civil services preliminary examination 1989.
260 _aND
_bSultan Chand & Sons
_c1989
300 _aQP29
690 _aGeneral Knowledge
700 _aHANDA (Harish).
906 _a042146
999 _c91416
_d91416